<?xml version="1.0" encoding="UTF-8"?>
<record
    xmlns:xsi="http://www.w3.org/2001/XMLSchema-instance"
    xsi:schemaLocation="http://www.loc.gov/MARC21/slim http://www.loc.gov/standards/marcxml/schema/MARC21slim.xsd"
    xmlns="http://www.loc.gov/MARC21/slim">

  <leader>02140cam a2200349 a 4500</leader>
  <controlfield tag="003">EG-GiCUC</controlfield>
  <controlfield tag="005">20250223031033.0</controlfield>
  <controlfield tag="008">140903s2013    ua h   f m    000 0 eng d</controlfield>
  <datafield tag="040" ind1=" " ind2=" ">
    <subfield code="a">EG-GiCUC</subfield>
    <subfield code="b">eng</subfield>
    <subfield code="c">EG-GiCUC</subfield>
  </datafield>
  <datafield tag="041" ind1="0" ind2=" ">
    <subfield code="a">eng</subfield>
  </datafield>
  <datafield tag="049" ind1=" " ind2=" ">
    <subfield code="a">Deposite</subfield>
  </datafield>
  <datafield tag="097" ind1=" " ind2=" ">
    <subfield code="a">Ph.D</subfield>
  </datafield>
  <datafield tag="099" ind1=" " ind2=" ">
    <subfield code="a">Cai01.07.06.Ph.D.2013.Os.A</subfield>
  </datafield>
  <datafield tag="100" ind1="0" ind2=" ">
    <subfield code="a">Osama Mohammad Mostafa Darwesh</subfield>
  </datafield>
  <datafield tag="245" ind1="1" ind2="0">
    <subfield code="a">Application of nanostructured microbial catalysts for bioremediation of some organic wastes / </subfield>
    <subfield code="c">Osama Mohammad Mostafa Darwesh ; Supervised Mohamed Zakaria Sedik , Olfat Sayed Barakat , Hassan Moawad Abdelall</subfield>
  </datafield>
  <datafield tag="246" ind1="1" ind2="5">
    <subfield code="a">&#x627;&#x633;&#x62A;&#x62E;&#x62F;&#x627;&#x645; &#x627;&#x644;&#x645;&#x62D;&#x641;&#x632;&#x627;&#x62A; &#x627;&#x644;&#x645;&#x64A;&#x643;&#x631;&#x648;&#x628;&#x64A;&#x629; &#x627;&#x644;&#x645;&#x631;&#x62A;&#x628;&#x637;&#x629; &#x628;&#x62A;&#x631;&#x643;&#x64A;&#x628;&#x627;&#x62A; &#x646;&#x627;&#x646;&#x648;&#x645;&#x62A;&#x631;&#x64A;&#x629; &#x644;&#x644;&#x645;&#x639;&#x627;&#x644;&#x62C;&#x629; &#x627;&#x644;&#x62D;&#x64A;&#x648;&#x64A;&#x629; &#x644;&#x628;&#x639;&#x636; &#x627;&#x644;&#x645;&#x644;&#x648;&#x62B;&#x627;&#x62A; &#x627;&#x644;&#x639;&#x636;&#x648;&#x64A;&#x629; </subfield>
  </datafield>
  <datafield tag="260" ind1=" " ind2=" ">
    <subfield code="a">Cairo : </subfield>
    <subfield code="b">Osama Mohammad Mostafa Darwesh , </subfield>
    <subfield code="c">2013</subfield>
  </datafield>
  <datafield tag="300" ind1=" " ind2=" ">
    <subfield code="a">155 P. : </subfield>
    <subfield code="b">facsimiles ; </subfield>
    <subfield code="c">25cm</subfield>
  </datafield>
  <datafield tag="502" ind1=" " ind2=" ">
    <subfield code="a">Thesis (Ph.D.) - Cairo University - Faculty of Agriculture - Department of Microbiology</subfield>
  </datafield>
  <datafield tag="520" ind1=" " ind2=" ">
    <subfield code="a">This study focuses on the isolation, screening of bacterial isolates and azo dye removal by bacteria isolated from dumping site of textile industry wastewater as well as using nanotechnology applications to enhance the bioremediation process. Fourteen isolates were isolated and used for further experiments. One of them was the most efficient in decolourization of Reactive Blue (RB) azo dye. This isolate was identified by morphological, biochemical and 16s rDNA sequences as Pseudomonas aeruginosa strain OS4 (NCBI accession number: KC762943). Bioremediation of azo dyes was found to occur efficiently under two sequential phases; starting with anoxic phase and followed by aerobic one</subfield>
  </datafield>
  <datafield tag="530" ind1=" " ind2=" ">
    <subfield code="a">Issued also as CD</subfield>
  </datafield>
  <datafield tag="653" ind1=" " ind2="4">
    <subfield code="a">Bioremediation</subfield>
  </datafield>
  <datafield tag="653" ind1=" " ind2="4">
    <subfield code="a">Prototype bioreactor</subfield>
  </datafield>
  <datafield tag="653" ind1=" " ind2="4">
    <subfield code="a">Pseudomonas aeruginosa strain OS4</subfield>
  </datafield>
  <datafield tag="700" ind1="0" ind2=" ">
    <subfield code="a">Hassan Moawad Abdelall , </subfield>
    <subfield code="e">Supervisor</subfield>
  </datafield>
  <datafield tag="700" ind1="0" ind2=" ">
    <subfield code="a">Mohamed Zakaria Sedik , </subfield>
    <subfield code="e">Supervisor</subfield>
  </datafield>
  <datafield tag="700" ind1="0" ind2=" ">
    <subfield code="a">Olfat Sayed Barakat , </subfield>
    <subfield code="e">Supervisor</subfield>
  </datafield>
  <datafield tag="856" ind1=" " ind2=" ">
    <subfield code="u">http://172.23.153.220/th.pdf</subfield>
  </datafield>
  <datafield tag="905" ind1=" " ind2=" ">
    <subfield code="a">Nazla</subfield>
    <subfield code="e">Revisor</subfield>
  </datafield>
  <datafield tag="905" ind1=" " ind2=" ">
    <subfield code="a">Samia</subfield>
    <subfield code="e">Cataloger</subfield>
  </datafield>
  <datafield tag="942" ind1=" " ind2=" ">
    <subfield code="2">ddc</subfield>
    <subfield code="c">TH</subfield>
  </datafield>
  <datafield tag="999" ind1=" " ind2=" ">
    <subfield code="c">47129</subfield>
    <subfield code="d">47129</subfield>
  </datafield>
  <datafield tag="952" ind1=" " ind2=" ">
    <subfield code="2">ddc</subfield>
    <subfield code="7">0</subfield>
    <subfield code="a">CUCL</subfield>
    <subfield code="b">cl210</subfield>
    <subfield code="d">2024-02-11</subfield>
    <subfield code="o">Cai01.07.06.Ph.D.2013.Os.A</subfield>
    <subfield code="p">01010110063185000</subfield>
    <subfield code="r">2023-09-22 00:00:00</subfield>
    <subfield code="y">TH</subfield>
  </datafield>
  <datafield tag="952" ind1=" " ind2=" ">
    <subfield code="2">ddc</subfield>
    <subfield code="7">0</subfield>
    <subfield code="a">CUCL</subfield>
    <subfield code="b">cl2u8</subfield>
    <subfield code="d">2024-02-11</subfield>
    <subfield code="o">Cai01.07.06.Ph.D.2013.Os.A</subfield>
    <subfield code="p">01020110063185000</subfield>
    <subfield code="r">2023-09-22 00:00:00</subfield>
    <subfield code="t">63185.CD</subfield>
    <subfield code="y">CD</subfield>
  </datafield>
</record>
